000 00698nam a2200277Ia 4500
001 37
005 20240113233351.0
007 ta
008 180918s1980 ii a g b000 u 465 u
020 _cHB
040 _aCotton College Assam
041 _aeng
082 _a581.15
_bSh 11 Ch
100 _aSharmah, A.K. .
245 0 _aChromosome Techniquis : Theory &Practice /
_cA. K. Sarmah.
_hTextual Documents
250 _a1st ed /
260 _aDelhi :
_bAditya Books ,
_c1980.
300 _a711p. :
_bill ;
_c24cm. .
504 _aIndex
653 _aBotany
653 _aTechniquis- Chromosome
942 _2ddc
_cBK
999 _c37
_d37